| 000 | 01032cam a2200301 i 4500 | ||
|---|---|---|---|
| 999 |
_c529229 _d529229 |
||
| 001 | 373483 | ||
| 003 | NUST | ||
| 005 | 20190923112512.0 | ||
| 008 | 790119r19771936pk ab 000 0 eng | ||
| 010 | _a 77930988 | ||
| 020 | _cRs100.00 | ||
| 038 | _aMSOHAIL | ||
| 040 |
_aDLC _cDLC _dDLC |
||
| 043 |
_aa-ii--- _aa-pk--- |
||
| 050 | 0 | 0 |
_aDS413 _b.S64 1977 |
| 082 | 0 | 0 |
_a915.404350924 _a- |
| 100 | 1 |
_aSinclair, Gordon, _d1900- _921073 |
|
| 245 | 1 | 0 |
_aKhyber caravan : _bthrough Kashmir, Waziristan, Afghanistan, Baluchistan, and northern India / _cby Gordon Sinclair. |
| 250 | _a1st Pakistan ed. | ||
| 260 |
_aLahore : _bSang-e-Meel Publications, _c1978 [i.e. 1977] |
||
| 300 |
_a287 p. : _bill., maps ; _c22 cm. |
||
| 500 | _aReprint of the 1936 ed., published by Farrar & Rinehart, New York. | ||
| 600 | 1 | 0 |
_aSinclair, Gordon, _d1900- _921073 |
| 651 | 0 |
_aIndia _xDescription and travel. _93320 |
|
| 651 | 0 |
_aPakistan _xDescription and travel. _93431 |
|
| 906 |
_a7 _bcbc _corignew _d4 _encip _f19 _gy-gencatlg |
||
| 942 |
_2ddc _cBK |
||